000 00584nam a2200241Ia 4500
003 OSt
005 20221005133228.0
006 a|||||r|||| 00| 0
007 ta
008 221004b |||||||| |||| 00| 0 tam d
024 _a49626
037 _cTextual
040 _aCRL
_cCRL
_btam
041 _2tam
_atam
082 _aO31,3N211,7, K7
100 _aJanakiraman
_9627651
245 0 _aVyirthen
260 _c1967
300 _a292p.
_ccm.
650 _aTAMIL LANGUAGE
942 _hO31,3N211,7, K7
_cTEXL
_2cc
999 _c1066194
_d1066194